Determination of the mechanical and technological properties of metals (Record no. 3679)

000 -LEADER
fixed length control field 00411nam a22001457a 4500
008 - FIXED-LENGTH DATA ELEMENTS--GENERAL INFORMATION
fixed length control field 200625b ||||| |||| 00| 0 eng d
082 00 - DEWEY DECIMAL CLASSIFICATION NUMBER
Classification number 620.167
Item number G561
100 ## - MAIN ENTRY--PERSONAL NAME
9 (RLIN) 3017
Personal name Gliner, B. M.
245 10 - TITLE STATEMENT
Title Determination of the mechanical and technological properties of metals
260 ## - PUBLICATION, DISTRIBUTION, ETC. (IMPRINT)
Place of publication, distribution, etc Oxford
Name of publisher, distributor, etc Pergamon
Date of publication, distribution, etc 1955
300 ## - PHYSICAL DESCRIPTION
Extent ix,160 p.
365 ## - TRADE PRICE
Unit of pricing 33.50
650 #0 - SUBJECT ADDED ENTRY--TOPICAL TERM
Topical term or geographic name as entry element Metals Testing
942 ## - ADDED ENTRY ELEMENTS (KOHA)
Item type Books
Holdings
Withdrawn status Lost status Source of classification or shelving scheme Damaged status Not for loan Permanent location Current location Date acquired Source of acquisition Full call number Barcode Date last seen Koha item type
          IMU Kolkata IMU Kolkata 1960-12-22 Newman 620.167 G561 02554 2020-06-25 Books
Designed and Maintained by IMU-KC Library, Kolkata Campus © Copyright All Rights Reserved

webs counters

Powered by Koha